Вып. 10; Ускорители

Dades bibliogràfiques
Parent link:Ускорители: сборник статей/ Московский инженерно-физический институт (МИФИ). Вып. 10.— , 1962-
Altres autors: Вальднер О. А. Олег Анатольевич (редактор)
Sumari:В сборнике изложены некоторые вопросы теории и расчета линейных ускорителей электронов. Приведены методы расчета периодических волноводов, используемых в качестве ускоряющих систем. Ряд статей содержат экспериментальные результаты исследования дисперсионных свойств гибридных волн в круглых диафрагмированных волноводах. Исследуются некоторые проблемы, связанные с созданием ускорителей на большие токи. Освещены вопросы динамики частиц в высокочастотном сепараторе, вопросы инжекции частиц и питания линейных ускорителей. Сборник рассчитан на научных и инженерно-технических работников, а также студентов, специлизирующихся в области ускорительной техники.
Idioma:rus
Publicat: 1968
Matèries:
Format: MixedMaterials Llibre
KOHA link:https://koha.lib.tpu.ru/cgi-bin/koha/opac-detail.pl?biblionumber=56354

MARC

LEADER 00000nam2a2200000 4500
001 56354
005 20231101211610.0
035 |a (RuTPU)RU\TPU\book\59190 
035 |a RU\TPU\book\59185 
090 |a 56354 
100 |a 20030929d1968 k y0rusy50 ca 
101 0 |a rus 
102 |a RU 
105 |a a z 001zy 
200 0 |a Вып. 10  |f под ред. О. А. Вальднера 
210 |d 1968 
215 |a 246 с.  |c ил. 
316 |5 63413507: КР-6102  |a На титульном листе дарственная надпись : "Многоуважаемому Александру Акимовичу от редактора Вальднера. 31.12. [68]" 
317 |5 63413507: КР-6102  |a Поступил в НТБ в 1987 г. в дар от вдовы ученого Е. К. Завадовской 
320 |a Библиография в конце статей 
330 |a В сборнике изложены некоторые вопросы теории и расчета линейных ускорителей электронов. Приведены методы расчета периодических волноводов, используемых в качестве ускоряющих систем. Ряд статей содержат экспериментальные результаты исследования дисперсионных свойств гибридных волн в круглых диафрагмированных волноводах. Исследуются некоторые проблемы, связанные с созданием ускорителей на большие токи. Освещены вопросы динамики частиц в высокочастотном сепараторе, вопросы инжекции частиц и питания линейных ускорителей. Сборник рассчитан на научных и инженерно-технических работников, а также студентов, специлизирующихся в области ускорительной техники. 
461 1 |0 (RuTPU)RU\TPU\book\59156  |t Ускорители  |o сборник статей  |f Московский инженерно-физический институт (МИФИ)  |v Вып. 10  |d 1962-  
606 1 |a Ускорители заряженных частиц  |x (ядерная физика)  |2 stltpush  |3 (RuTPU)RU\TPU\subj\71272  |9 85241 
610 1 |a физика 
610 1 |a заземляющие высокочастотные системы 
610 1 |a диафрагмированные волноводы 
610 1 |a высокочастотные сепараторы 
610 1 |a частицы 
610 1 |a инжекция 
610 1 |a линейные ускорители 
610 1 |a питание 
610 1 |a библиотека А. А. Воробьева 
675 |a 539.1.07  |v 4 
702 1 |a Вальднер  |b О. А.  |g Олег Анатольевич  |4 340 
801 1 |a RU  |b 63413507  |c 20030929  |g PSBO 
801 2 |a RU  |b 63413507  |c 20211008  |g PSBO 
942 |c BK